000 00794nam a2200181Ia 4500
008 151202s9999||||xx |||||||||||||| ||und||
082 _bPNVM-56856
100 _aपेरी मेसन -गार्डनर अनुवाद भावे अपर्णा.
245 _aअखेर काय झालं ?.
260 _bनिशिगंाा प्रकाशन पुणे.
260 _c1994
300 _a144
600 _aपेरी मेसन -गार्डनर अनुवाद भावे अपर्णा.
630 _aअखेर काय झालं ?.
700 _aपेरी मेसन -गार्डनर अनुवाद भावे अपर्णा.
730 _aअखेर काय झालं ?.
942 _cBOOK
999 _c1323394
_d1323391